| 000 | 00454nam a2200157Ia 4500 | ||
|---|---|---|---|
| 999 |
_c4321 _d4321 |
||
| 003 | OSt | ||
| 005 | 20200811144245.0 | ||
| 008 | 190216s9999||||xx |||||||||||||| ||und|| | ||
| 040 | _coclc | ||
| 082 |
_a519.5 _bGOO/B |
||
| 100 |
_aGoon, A M _94051 |
||
| 245 | 0 |
_aBasic Statistics / _cA M Goon ; M K Gupta ; B Dasgupta |
|
| 260 |
_bWorld Press Ltd, _aCalcutta: _c1978. |
||
| 300 | _a495p | ||
| 942 |
_cBK _2ddc _h519.5 _iGOO/B _k519.5 _mGOO/B |
||